Scrabble Rack Challenge #2 - Statistics

General Stats
  • This quiz has been taken 624 times
  • The average score is 7 of 13
Answer Stats
Scrabble Rack BINGO % Correct
AABBCEG Cabbage
90%
T AILQTUY Quality
89%
D EIJNPRU Juniper
82%
ACEGIMR Grimace
68%
ABINORW Rainbow
64%
IILNOSV Violins
63%
R ADEGHLU Laughed
59%
V BEHILMT Thimble
56%
APPRSUY Papyrus
34%
E EEFFINT Fifteen
32%
C ADEELMR Emerald
25%
I BCEEGIR Iceberg
22%
VERDICT
10%
No matching quizzes found
Score Distribution
Percent of People with Each Score
Percentile by Number Answered
Your Score History
You have not taken this quiz